000 00313nam a2200109Ia 4500
008 200302s9999 xx 000 0 und d
100 _aDr. E. Siva Nagi Reddy
245 _aEvolution of Building Technology Early Medieval Period vol I
260 _bBharatiya Kala Prakahan Delhi
260 _c1998
300 _a208 P.,
999 _c3907
_d3907